| 000 | 00912nam a2200265 c 4500 | ||
|---|---|---|---|
| 001 | 190434 | ||
| 003 | ES-MaACL | ||
| 005 | 20250811063209.0 | ||
| 008 | 210330s2017 sp 001 0aspa | ||
| 020 | _a978-84-16250-98-1 | ||
| 080 | _a929 Aguilar, José María | ||
| 100 | 1 |
_aAguilar, José María, _d1955- _9171133 |
|
| 245 | 1 | 0 |
_aMemorias desde la Cibeles : _b(un capítulo de mis memorias) / _cJosé María Aguilar. |
| 246 | 1 | 4 | _aDesde la Cibeles |
| 250 | _a1ª ed. | ||
| 260 |
_a[Madrid] : _bIsidora, _c2017. |
||
| 300 |
_a255 p. ; _c23 cm. |
||
| 504 | _aBibliografía: p. 251-253, 255. | ||
| 600 | 1 | 4 |
_aAguilar, José María, _d1955- _9171133 |
| 852 | 4 |
_aES-MaACL _jA-14634 _9197611 _bR.152141 _cDEPO1 _dOlim: N-7634 _hDonación: José Lázaro |
|
| 903 |
_9234219 _aLázaro García, José _ednr |
||
| 942 |
_2udc _cMONOGRAFIA |
||
| 999 |
_c190434 _d190434 |
||